ბათუმის შოთა რუსთაველის სახელმწიფო უნივერსიტეტის ბიბლიოთეკა

ფილიპიკები / (ბიბ.ჩანაწერი № 59983)

000 -ლიდერი
ფიქსირებული სიგრძის საკონტროლო ველი 01164nam a22002057a 4500
003 - საკონტროლო ნომრის იდენტიფიკატორი
საკონტროლო ველი Ge_BSU
005 - ბოლო ოპერაციის თარიღი და დრო
საკონტროლო ველი 20230525165502.0
008 - ფიქსირებული სიგრძის მონაცემთა ელემენტები - ზოგადი ინფორმაცია
ფიქსირებული სიგრძის საკონტროლო ველი 230525s1984 ge ||||| |||| 00| 0 geo d
041 ## - ენის კოდი
Language code of text/sound track or separate title geo
080 ## - უნივერსალური ათობითი კლასიფიკაციის ინდექსი
Universal Decimal Classification number 82.05 დ-32
100 ## - მთავარი ჩანაწერი - პიროვნების სახელი
Personal name დემოსთენე
9 (RLIN) 18242
245 ## - ცნობა სათაურის შესახებ
Title ფილიპიკები /
Statement of responsibility, etc დემოსთენე ; ძვ. ბერძნ. თარგმნა, წინასიტყვ. და კომენტარები დაურთო გ. სარიშვილმა ; საქ. მწერ. კავშ. არსებ. მხატვრ. თარგმანისა და ლიტ. ურთიერთ. მთ. სარედ. კოლეგია.
264 ## - წარმოების, გამოცემის, დისტრიბუციის და სხვა ცნობები
გამოცემის, წარმოების, დისტრიბუციის... ადგილი თბილისი :
გამოცემის, წარმოების, დისტრიბუციის... სახელწოდება განათლება,
გამოცემის, წარმოების, დისტრიბუციის... თარიღი 1984.
300 ## - ფიზიკური აღწერა
Extent 141 გვ. ;
Other physical details 19 სმ.
504 ## - BIBLIOGRAPHY, ETC. NOTE
Bibliography, etc შენიშვნები: გვ. 134-140.
653 ## - INDEX TERM--UNCONTROLLED
Uncontrolled term რიტორიკული ხელოვნება
653 ## - INDEX TERM--UNCONTROLLED
Uncontrolled term თარგმანები ქართულ ენაზე
700 ## - ADDED ENTRY--PERSONAL NAME
Personal name სარიშვილი, გ.
Relator term მთარგმნელი
9 (RLIN) 17958
942 ## - ADDED ENTRY ELEMENTS (KOHA)
Source of classification or shelving scheme
Koha item type წიგნი
ეგზემპლარები
ჩამოწერის სტატუსი დაკარგული ეგზემპლარის სტატუსი კლასიფიკაციის წყარო ან თაროზე გაწყობის სქემა დაზიანების სტატუსი არ გაიცემა მუდმივი მდებარეობა (დაცვის ადგილი) ამჟამინდელი ადგილსამყოფელი თაროზე განთავსების ადგილი შეძენის თარიღი ღირებულება, შესყიდვის ნორმალური ფასი სრული შენახვის შიფრი შტრიხკოდი ბოლო ოპერაციის თარიღი ეგზემპლარის მიმდევრობითი ნომერი (კეტერი?) Uniform Resource Identifier ფასის ძალაში შესვლის თარიღი ეგზემპლარის სახეობა საჯარო შენიშვნა
          ბათუმის შოთა რუსთაველის სახელმწიფო უნივერსიტეტის მთავარი ბიბლიოთეკა ბათუმის შოთა რუსთაველის სახელმწიფო უნივერსიტეტის მთავარი ბიბლიოთეკა წიგნსაცავი 2023-05-25 4.00 82.05 დ-32 64445 2023-05-25 64445 ბსუ-ს საპატიო დოქტორის გურამ ლორთქიფანიძის საჩუქარი 2023-05-25 წიგნი 4 ლ.